Word Chain starting with "COAST" and ending in "GUARD" - Statistics

General Stats
  • This quiz has been taken 61 times
  • The average score is 9 of 16
Answer Stats
Hint Answer % Correct
Region near the Ocean Coast
94%
Sail, Speed, Jet Boat
83%
Fruit, Vampire, Brown Bat
80%
Pea, Hazel, Brazil Nut
78%
Abraham Lincoln was famous for his... Hat
76%
Someone who defends. Guard
72%
Synonom for Brag Boast
70%
3 Feet Yard
70%
A small house or shelter Hut
69%
Santa Claus is famous for this Beard
57%
Intestine or Organ in the body Gut
56%
Harry Potter Book: Tales of Beetle the ____ Bard
52%
6,968th most popular surname in France Buard
41%
Abbreviation for "You heard?" Yurd
17%
Synonym for the 6th Answer Yurt
13%
Exclamation meaning excitement by the Marines Yut
11%
No matching quizzes found
Score Distribution
Percent of People with Each Score
Percentile by Number Answered
Your Score History
You have not taken this quiz